Clic Qui était président quand... (3e République) - Statistiques

Statistiques générales
  • Ce quiz a été pris 22 fois
  • Le résultat moyen est 14 sur 95
Statistiques - réponses
Hint Réponse % Correct
Front populaire Albert Lebrun
58%
Le service militaire est porté à 3 ans Raymond Poincaré
53%
La loi autorisant les syndicats professionnels Jules Grévy
37%
La mort de Victor Hugo Jules Grévy
37%
Accords de Munich Albert Lebrun
32%
Pleins pouvoirs au maréchal Pétain Albert Lebrun
32%
Invasion de la Pologne Albert Lebrun
32%
Le choix de la Marseillaise comme hymne national Jules Grévy
32%
Le choix du 14 juillet comme jour de fête nationale Jules Grévy
32%
La construction du Palais du Trocadéro pour une exposition universelle Patrice de Mac Mahon
32%
Début de la Grande Guerre Raymond Poincaré
32%
Pacte germano-soviétique Albert Lebrun
26%
La Joconde est volée au Louvre Armand Fallières
26%
Loi sur la séparation des Eglises et de l'Etat Emile Loubet
26%
Krach à Wall Street Gaston Doumergue
26%
Le vote de la loi d'exil des membres des familles ayant régné sur la France Jules Grévy
26%
La loi Ferry sur la gratuite de l'enseignement primaire Jules Grévy
26%
Début de la Société des Nations Raymond Poincaré
26%
Inauguration du Musée de l'Homme au Palais de Chaillot à Paris Albert Lebrun
21%
Les Allemands entrent dans Paris Albert Lebrun
21%
Vote de la loi sur les associations Emile Loubet
21%
Ouverture du métro de Paris Emile Loubet
21%
Mort du maréchal Foch Gaston Doumergue
21%
La France reconnait l'URSS Gaston Doumergue
21%
La nomination du général boulanger comme ministre de la Guerre Jules Grévy
21%
Le début de la construction de la Tour Eiffel Jules Grévy
21%
La naissance de la IIIe République (amendement Wallon) Patrice de Mac Mahon
21%
Assassinat de Jean Jaurès Raymond Poincaré
21%
Bataille de Verdun Raymond Poincaré
21%
Signature du Traité de Versailles Raymond Poincaré
21%
Assassinat de Gaston Calmette Raymond Poincaré
21%
La troupe tire sur une manifestation à Fourmies - 9 morts Sadi Carnot
21%
Les ligues d'extrême-droite tentent de prendre la Chambre des députés Albert Lebrun
16%
Lancement du paquebot Normandie Albert Lebrun
16%
Révolte des vignerons du Languedoc Armand Fallières
16%
Costes et Bellonte réussissent la première traversée de l'Atlantique Nord dans le sens est-ouest de Paris à New-York Gaston Doumergue
16%
Mort de Georges Clémenceau Gaston Doumergue
16%
1ère démonstration de télévision en France Gaston Doumergue
16%
Loi Loucheur sur les Habitations à Bon Marché Gaston Doumergue
16%
2e Jeux olympiques de Paris Gaston Doumergue
16%
La mise en place d'un protectorat au Annam et au Tonkin Jules Grévy
16%
L'amnistie des Communards Jules Grévy
16%
La mort de George Sand Patrice de Mac Mahon
16%
1ère élection de ce qui deviendra le concours Miss France Paul Deschanel
16%
Le maréchal Foch est élu à l'Académie Française Paul Deschanel
16%
Adoption de l'impôt sur le revenu Raymond Poincaré
16%
Début du scandale de Panama Sadi Carnot
16%
Affaire Violette Nozière Albert Lebrun
11%
Exposition internationale des Arts et des Techniques appliqués à la Vie moderne Albert Lebrun
11%
1ère liaison aérienne régulière Alger-Paris Albert Lebrun
11%
Affaire Stavisky Albert Lebrun
11%
La scolarité devient obligatoire jusqu'à 14 ans Albert Lebrun
11%
Offensive allemande contre la Belgique Albert Lebrun
11%
L'armée française occupe la Ruhr Alexandre Millerand
11%
Début de la guerre du Rif au Maroc Alexandre Millerand
11%
1ers Jeux Olympiques à Paris Emile Loubet
11%
Création de l'usine Renault Emile Loubet
11%
La condamnation d'Alfred Dreyfus est cassée Emile Loubet
11%
1er Tour de France Emile Loubet
11%
Emile Zola publie J'accuse Félix Faure
11%
Lindbergh traverse l'Atlantique Gaston Doumergue
11%
Aristide Briand reçoit le Prix Nobel de la Paix Gaston Doumergue
11%
Ouverture du 1er Prisunic Paul Doumer
11%
Mise en place d'un protectorat au Laos Sadi Carnot
11%
La fin de la construction de la Tour Eiffel Sadi Carnot
11%
La mort de Napoléon III Adolphe Thiers
5%
Mort de Jean Mermoz Albert Lebrun
5%
Création de la Loterie nationale Albert Lebrun
5%
Inauguration de l'aéroport du Bourget Albert Lebrun
5%
1ers Jeux Olympiques d'hiver, ils se déroulent à Chamonix Alexandre Millerand
5%
Exécution de Désiré Landru Alexandre Millerand
5%
Naufrage du Titanic Armand Fallières
5%
Création du journal L'Humanité Emile Loubet
5%
Incendie du bazar de la Charité Félix Faure
5%
Ouverture de l'exposition coloniale Gaston Doumergue
5%
Création de l'Agence Publicis Gaston Doumergue
5%
Pacte Briand-Kellogg Gaston Doumergue
5%
Début de l'affaire Dreyfus Jean Casimir-Perier
5%
La mort du comte de Chambord Jules Grévy
5%
Dernière épidémie de peste à Paris - 34 morts Paul Deschanel
5%
Démonstration de l'autorail Micheline Paul Doumer
5%
Inauguration de l'horloge parlante de Paris Albert Lebrun
0%
Georges Carpentier est champion du monde de boxe anglais Alexandre Millerand
0%
Inhumation du soldat inconnu sous l'arc de triomphe à Paris Alexandre Millerand
0%
Signature de la Triple entente, France, Russie, Royaume-Uni Armand Fallières
0%
Réhabilitation d'Alfred Dreyfus Armand Fallières
0%
Transfert des cendres d'Emile Zola au Panthéon Armand Fallières
0%
Importantes inondations à Paris et dans le bassin parisien Armand Fallières
0%
Mise en place d'un protectorat sur Madagascar Félix Faure
0%
La présentation du vaccin contre la rage à l'Académie de médecine Jules Grévy
0%
L'Internationale est interprétée à Lille pour la 1ère fois Jules Grévy
0%
3 mois de grève pour les mineurs et les cheminots Paul Deschanel
0%
1er vol de l'Eole de Clément Ader Sadi Carnot
0%
La naissance du maréchal Juin Sadi Carnot
0%
La création de la manufacture Michelin et Cie à Clermont-Ferrand Sadi Carnot
0%
Aucun quiz correspondant
Distribution des résultats
% des personnes avec chaque résultat
Percentile par nombre de réponses
Votre historique - résultats
Vous n’avez pas pris ce quiz